<A> model of strategic behaviour in repeated games.

Konštrukcia všeobecného modelu opakovaných hier v ľubovoľnej časovej doméne. Stanovenie podmienok, ktoré musí stratégia spĺňať. Tieto podmienky sú postavené ako axiómy a v rámci tejto axiomatickej sústavy sa konštruuje trieda stratégií, tzv. stratégie variabilnej odpovede.

Guardado en:
Detalles Bibliográficos
Autor principal: Bergin, J.
Formato: Capítulo de libro
Lenguaje:inglés
Materias:
Etiquetas: Agregar Etiqueta
Sin Etiquetas, Sea el primero en etiquetar este registro!

MARC

LEADER 00000naa a2200000 4500
001 r009399
005 20221130113051.8
041 0 |a eng 
044 |a NL 
245 1 0 |a <A> model of strategic behaviour in repeated games.  |c J. Bergin 
520 |a Konštrukcia všeobecného modelu opakovaných hier v ľubovoľnej časovej doméne. Stanovenie podmienok, ktoré musí stratégia spĺňať. Tieto podmienky sú postavené ako axiómy a v rámci tejto axiomatickej sústavy sa konštruuje trieda stratégií, tzv. stratégie variabilnej odpovede. 
610 2 0 |a modely ekonomicko-matematické 
610 2 0 |a hry ekonomické 
610 2 0 |a metódy ekonomicko-matematické 
610 2 0 |a správanie 
610 2 0 |a rozhodovanie strategické 
100 1 |a Bergin, J.